000 00751nam a22002177a 4500
003 koha_MIRAKIL
005 20251210103222.0
008 251210b eng||||| |||| 00| 0 eng d
020 _a9780590738866
040 _aTR-IsEVY
_btur
_cTR-IsEVY
082 _a420 MED/W
100 _aMedearis, Angela Shelf
245 4 _aWe eat dinner in the bathtub /
_cAngela Shelf Medearis, ; illustrated by Jacqueline Rogers.
260 _aNew York :
_bScholastic,
_c2003.
300 _a32 p. :
_bcolour pictures. ;
_c23 cm.
490 0 _aScholastic Reader Level ; 2.
650 _aEnglish Language.
_vEnglish Readers.
_xReading Books.
650 _aİngiliz Dili.
_vİngilizce Okuma Kitapları.
700 1 _aRogers, Jacqueline.
_cillustrated.
942 _2ddc
_cBK
999 _c23040
_d23040